Statistics for Golf - Fedex Cup Winners

Click here to take the quiz!

General Stats

  • This quiz has been taken 215 times
    (77 since last reset)
  • The average score is 9 of 17

Answer Stats

HintAnswer% Correct
2007Tiger Woods
94%
2009Tiger Woods
94%
2022Rory McIlroy
82%
2019Rory McIlroy
82%
2016Rory McIlroy
82%
2017Justin Thomas
66%
2015Jordan Spieth
63%
2020Dustin Johnson
61%
2018Justin Rose
42%
2008Vijay Singh
40%
2010Jim Furyk
39%
2014Billy Horschel
35%
2021Patrick Cantlay
31%
2023Viktor Hovland
29%
2013Henrik Stenson
27%
2011Bill Haas
26%
2012Brandt Snedeker
19%

Score Distribution

Percentile by Number Answered

Percent of People with Each Score

Your Score History

You have not taken this quiz since the last reset